UM Logo

Understanding media, culture and technology / (Record no. 17240)

MARC details
000 -LEADER
fixed length control field 01835nam a22002177a 4500
008 - FIXED-LENGTH DATA ELEMENTS--GENERAL INFORMATION
fixed length control field 220901b ||||| |||| 00| 0 eng d
020 ## - INTERNATIONAL STANDARD BOOK NUMBER
International Standard Book Number 978-1-64172-982-6
082 ## - DEWEY DECIMAL CLASSIFICATION NUMBER
Edition number 2022
Classification number DC 302.23
Item number St491
100 ## - MAIN ENTRY--PERSONAL NAME
Personal name Stewart, Franklin
9 (RLIN) 45836
245 ## - TITLE STATEMENT
Title Understanding media, culture and technology /
Statement of responsibility, etc. Franklin Stewart
260 ## - PUBLICATION, DISTRIBUTION, ETC. (IMPRINT)
Place of publication, distribution, etc. New York :
Name of publisher, distributor, etc. Larsen and Keller Education ,
Date of publication, distribution, etc. ©2022.
300 ## - PHYSICAL DESCRIPTION
Extent viii, 230 pages :
Other physical details illustrations ;
Dimensions 25 cm.
500 ## - GENERAL NOTE
General note Includes bibliographical references and index.
520 ## - SUMMARY, ETC.
Summary, etc. All the tools which can be used for storing and delivering information are known as media. It can be further divided into various branches such as news media, print media, publishing, cinema, digital media, advertising, broadcasting and photography. Mass media refers to all the technologies which can be used to reach a large audience using mass communication. This involves the use of radios, television, Internet, magazines, newspapers, pamphlets, etc. The norms and social behavior found in different human societies is known as culture. It also includes the knowledge, customs, arts, habits and capabilities which are an indispensible part of these groups. It encompasses the various aspects of sociology, philosophy, anthropology, media studies and art history. This book is a compilation of chapters that discuss the most vital concepts in the field of media, culture and technology. Some of the diverse topics covered herein address the varied branches that fall under this category. This book will serve as a valuable source of information for those interested in this field.
650 ## - SUBJECT ADDED ENTRY--TOPICAL TERM
Topical term or geographic name as entry element Mass media
General subdivision Social aspects
9 (RLIN) 45837
650 ## - SUBJECT ADDED ENTRY--TOPICAL TERM
Topical term or geographic name as entry element Mass media and culture
9 (RLIN) 45838
650 ## - SUBJECT ADDED ENTRY--TOPICAL TERM
Topical term or geographic name as entry element Information technology
9 (RLIN) 45839
650 ## - SUBJECT ADDED ENTRY--TOPICAL TERM
Topical term or geographic name as entry element Technology
General subdivision Social aspects
9 (RLIN) 45840
365 ## - TRADE PRICE
Price amount 5,940
Currency code php
942 ## - ADDED ENTRY ELEMENTS (KOHA)
Source of classification or shelving scheme Dewey Decimal Classification
Koha item type Circulation
Holdings
Withdrawn status Lost status Source of classification or shelving scheme Damaged status Not for loan Collection code Home library Current library Date acquired Source of acquisition Cost, normal purchase price Total Checkouts Full call number Barcode Date last seen Copy number Price effective from Koha item type
    Dewey Decimal Classification     Circulation UM Digos College - LIC UM Digos College - LIC 08/16/2022 Purchased 5940.00   DC 302.23 St491 2022 26636 05/15/2025 1 09/01/2022 Circulation